Cara membina daya ingatan yang tajam : (Record no. 438)

000 -LEADER
fixed length control field nam a22 a 4500
003 - CONTROL NUMBER IDENTIFIER
control field AKMAL
005 - DATE AND TIME OF LATEST TRANSACTION
control field 20170503164047.0
008 - FIXED-LENGTH DATA ELEMENTS--GENERAL INFORMATION
fixed length control field 170503r20032001my a e 000 0 may d
020 ## - INTERNATIONAL STANDARD BOOK NUMBER
International Standard Book Number 9837204486 (kkt.) :
Terms of availability RM22.50
040 ## - CATALOGING SOURCE
Original cataloging agency BNM
082 04 - DEWEY DECIMAL CLASSIFICATION NUMBER
Classification number 153.14 LOR
Edition number 21
090 00 - LOCALLY ASSIGNED LC-TYPE CALL NUMBER (OCLC); LOCAL CALL NUMBER (RLIN)
Classification number (OCLC) (R) ; Classification number, CALL (RLIN) (NR) 153.14
Local cutter number (OCLC) ; Book number/undivided call number, CALL (RLIN) LOR
100 1# - MAIN ENTRY--PERSONAL NAME
Personal name Lorayne, Harry
9 (RLIN) 1022
245 10 - TITLE STATEMENT
Title Cara membina daya ingatan yang tajam :
Remainder of title sistem membina daya ingatan cepat dan mudah /
Statement of responsibility, etc. Harry Lorayne
260 ## - PUBLICATION, DISTRIBUTION, ETC.
Place of publication, distribution, etc. Kuala Lumpur :
Name of publisher, distributor, etc. Golden Books Centre,
Date of publication, distribution, etc. 2003
300 ## - PHYSICAL DESCRIPTION
Extent xi, 223ms. :
Other physical details ill. ;
Dimensions 22cm.
650 #0 - SUBJECT ADDED ENTRY--TOPICAL TERM
Topical term or geographic name entry element Memory
9 (RLIN) 1023
650 #0 - SUBJECT ADDED ENTRY--TOPICAL TERM
Topical term or geographic name entry element Mental discipline
9 (RLIN) 1024
650 #0 - SUBJECT ADDED ENTRY--TOPICAL TERM
Topical term or geographic name entry element Mnemonics
9 (RLIN) 1025
856 41 - ELECTRONIC LOCATION AND ACCESS
Uniform Resource Identifier ftp://tag856.pnm.gov.my/tag856/buku/9837204486.pdf
Link text Electronic Resource
942 ## - ADDED ENTRY ELEMENTS (KOHA)
Source of classification or shelving scheme
Koha item type Book
Holdings
Withdrawn status Lost status Source of classification or shelving scheme Damaged status Not for loan Collection code Home library Current library Shelving location Date acquired Inventory number Total Checkouts Full call number Barcode Date last seen Date last checked out Price effective from Koha item type
          NON-FICTION AKMAL Melaka AKMAL Melaka PINJAMAN 03.05.2017 100540 1 153.14 LOR 201701330 28.04.2023 19.04.2023 03.05.2017 Book
Pusat Sumber Maklumat Dato' Haji Sarmin Md Hussin, Akademi Kastam Diraja Malaysia, Melaka
Tel: 06-2331106 | Faks: 06-2313787